00390nam a2200157 a 4500001000400000003000900004008004100013040002800054082000900082100002600091245003000117260002900147300001400176490001900190650002300209372CO-ViMGA141112s2004 ck r 000 u spa d aCO-ViMGAbspacCO-ViMGA04aNOSe1 aNostlinger, Christine10aLas enfermedades de Franz aBogota : bNorma, c1992 a71 p : il aTorre de papel14aCUENTOS INFANTILES